[Event "ch-U20 Panamerican"]
[Site "Bogota COL"]
[Date "2006.09.05"]
[Round "5"]
[White "Pena,Alf"]
[Black "Cornejo,M"]
[Result "1/2-1/2"]
[WhiteElo "2292"]
[BlackElo "2251"]

1.e4 c5 2.Nf3 Nc6 3.Bb5 d6 4.O-O Bd7 5.Re1 a6 6.Bf1 Bg4 7.d3 e6 8.Nbd2 Nf6
9.Be2 Be7 10.Nf1 O-O 11.Ng3 Nd7 12.Bf4 Bxf3 13.Bxf3 Nde5 14.Be2 Ng6 15.Bd2 Bg5
16.Bh5 Bxd2 17.Qxd2 Qf6 18.Bxg6 hxg6 19.c3 g5 20.Rf1 Qf4 21.Rad1 Qxd2 22.Rxd2 g6
23.Ne2 Rad8 24.d4 cxd4 25.Nxd4 Ne5 26.Nf3 Nxf3+ 27.gxf3 Rd7 28.Rfd1 Rfd8
29.c4 Kf8 30.Kg2 Ke7 31.Kg3 f6 32.f4 gxf4+ 33.Kxf4 Rc7 34.b3 b5 35.cxb5 axb5
36.Ke3 g5 37.Rd3 Rc2 38.R3d2 Rxd2 39.Kxd2 Rh8 40.Rh1 Rh3 41.Ke2 g4 42.Kf1 b4
43.Kg2 Rd3 44.Rc1 Rc3 45.Rd1 Rc6 46.Rd4 Rb6 47.Kg3 f5 48.exf5 exf5 49.h3 gxh3
50.Kxh3 Ke6 51.f4 Rb8 52.Kg3 d5 53.Kf3 Kd6 54.Rd2 Re8 55.Rc2 Re1 56.Rc8 d4
57.Rd8+ Kc5 58.Rc8+ Kd6 59.Rd8+ Kc5 60.Rc8+  1/2-1/2

[Event "5th Open"]
[Site "Istanbul TUR"]
[Date "2006.09.05"]
[Round "7"]
[White "Mamedov,Rau"]
[Black "Dzagnidze,N"]
[Result "0-1"]
[WhiteElo "2561"]
[BlackElo "2437"]

1.e4 c5 2.Nf3 Nc6 3.Bb5 g6 4.Bxc6 dxc6 5.d3 Bg7 6.h3 Nf6 7.Nc3 Be6 8.Be3 c4
9.d4 b5 10.a3 a5 11.Ng5 Qc8 12.O-O O-O 13.f4 Rd8 14.Qf3 Bd7 15.e5 Nd5 16.g4 Nxc3
17.bxc3 f5 18.Qg3 fxg4 19.Qh4 h6 20.Ne4 Bf5 21.Ng3 gxh3 22.Kh2 Rf8 23.Rg1 Qe6
24.Nxf5 Rxf5 25.Rg4 Raf8 26.Rag1 g5 27.fxg5 h5 28.Qxh5 Rf3 29.R4g3 Rf2+ 30.Bxf2 Rxf2+  0-1

[Event "5th Kesarovski - Georgiev Mem"]
[Site "Sunny Beach BUL"]
[Date "2006.09.05"]
[Round "4"]
[White "Bozov,A"]
[Black "Raeva,E"]
[Result "0-1"]
[WhiteElo "2146"]
[BlackElo "2249"]

1.e4 c5 2.Nf3 Nc6 3.Bb5 e6 4.O-O Nge7 5.a4 a6 6.Bxc6 Nxc6 7.d3 Be7 8.Nc3 d5
9.Bf4 d4 10.Nb1 Bf6 11.e5 Be7 12.Nbd2 g5 13.Bg3 h5 14.h3 Nb4 15.Nc4 Bd7 16.a5 Bc6
17.Nfd2 Qc7 18.Nd6+ Bxd6 19.exd6 Qd8 20.Nc4 Nd5 21.Re1 Nf4 22.Re5 Nxg2 23.Rxc5 Nf4
24.Bxf4 gxf4 25.Rxh5 Rg8+ 26.Kf1 Qf6 27.Ne5 Bg2+ 28.Ke1 O-O-O 29.d7+ Kb8
30.Ra4 Bd5 31.Kd2 f3 32.Rxd4 Rg5 33.Nxf7 Rxh5 34.Nxd8 Qxd8 35.c4 Bc6 36.b4 Rh7
37.Qe1 Qg5+ 38.Qe3 Qxe3+ 39.Kxe3 Bxd7 40.Kxf3 Rxh3+ 41.Kg4 Rh7 42.Kg5 Kc7
43.f4 Rf7 44.Kg6 Be8 45.Kh6 Bc6 46.Kg6 Rf5 47.Kg7 Bd7 48.Kg8 Kd8 49.Kg7 Ke7
50.Re4 Bc6 51.Rd4 Bf3 52.Kg6 Rh5 53.c5 Rh1 54.Rd6 Rg1+ 55.Kh7 Bc6 56.Kh6 Rg4
57.b5 Bxb5 58.Rb6 Bc6  0-1

[Event "ch-U20 Panamerican"]
[Site "Bogota COL"]
[Date "2006.09.06"]
[Round "7"]
[White "Naranjo,S"]
[Black "Capo Vidal,U"]
[Result "0-1"]
[WhiteElo "1909"]
[BlackElo "2357"]

1.e4 c5 2.Nf3 Nc6 3.Bb5 g6 4.O-O Bg7 5.c3 Nf6 6.Re1 O-O 7.d4 d5 8.exd5 Qxd5
9.c4 Qd6 10.d5 Nd4 11.Nxd4 cxd4 12.Qe2 a6 13.Ba4 b5 14.cxb5 axb5 15.Bb3 Nxd5
16.Qxb5 Be6 17.Nd2 Rfb8 18.Qf1 Qc6 19.Bc4 Bf5 20.Nb3 Rb4 21.Bxd5 Qxd5 22.Bd2 Rb7
23.Rec1 Rba7 24.Rc5 Qd8 25.a3 e5 26.Rac1 Be6 27.Qd1 e4 28.Bg5 Qd7 29.Bf4 h6
30.Rc7 Rxc7 31.Bxc7 Rc8 32.Bf4 g5 33.Bd2 Rxc1 34.Nxc1 e3 35.Be1 Qb7 36.Qe2 Qc6
37.Nd3 Qb5 38.Qd1 Qf5 39.Kf1 exf2 40.Bxf2 Qe4  0-1

[Event "5th Open"]
[Site "Istanbul TUR"]
[Date "2006.09.07"]
[Round "9"]
[White "Janev,E"]
[Black "Annageldyev,O"]
[Result "1-0"]
[WhiteElo "2460"]
[BlackElo "2486"]

1.e4 c5 2.Nf3 Nc6 3.Bb5 g6 4.Bxc6 dxc6 5.d3 Bg7 6.h3 Nf6 7.Nc3 Nd7 8.Be3 e5
9.Qd2 h6 10.O-O Qe7 11.Nh2 Nf8 12.f4 exf4 13.Bxf4 Ne6 14.Bg3 O-O 15.e5 Qg5
16.Qe1 Qd8 17.Ne4 Nd4 18.Qf2 b6 19.Rae1 Be6 20.Nf6+ Kh8 21.Bf4 g5 22.Bc1 Nf5
23.Re4 Bxf6 24.exf6 Rg8 25.Ng4 Qf8 26.b3 Nd4 27.Ne5 Bf5 28.Rxd4 cxd4 29.Qxf5 Qe8
30.h4 Rd8 31.hxg5 Rd5 32.Qh3 Qf8 33.Nd7 Rxd7 34.Qxd7  1-0

[Event "5th Open"]
[Site "Istanbul TUR"]
[Date "2006.09.07"]
[Round "9"]
[White "Shanava,K"]
[Black "Atakisi,U"]
[Result "1/2-1/2"]
[WhiteElo "2490"]
[BlackElo "2406"]

1.e4 c5 2.Nf3 Nc6 3.Bb5 d6 4.O-O Bd7 5.Re1 Nf6 6.h3 g6 7.c3 Ne5 8.Nxe5 dxe5
9.Qb3 Qb6 10.Na3 Bxb5 11.Qxb5+ Qxb5 12.Nxb5 Kd7 13.d3 Bg7 14.Be3 Rhc8 15.a4 Ne8
16.Reb1 Nd6 17.b4 cxb4 18.Rxb4 Nxb5 19.Rxb5 Rxc3 20.Rxb7+ Rc7 21.Rab1 Bf6
22.g4 e6 23.g5 Bd8 24.f4 Kc8 25.Rxc7+ Bxc7 26.fxe5 Bxe5 27.d4 Bd6 28.Rf1 Rb8
29.Rxf7 Rb7 30.Rf6 Kd7 31.Rf7+ Kc8 32.Rxb7 Kxb7 33.Kf1 a6 34.Ke2 Kc6 35.Kf3 Bc7
36.Bf4 Ba5 37.Ke3 Bb4 38.Kd3 Ba3 39.Kc4 Be7 40.Bd2 Bd6 41.Bb4 Bf4 42.Be7 Kd7
43.Bf6 Kc6 44.Kd3 Kd7 45.Ke2 Kc6 46.Kf3 Bd2 47.Kg4 Be3 48.h4 Kd7 49.Be5 Kc6
50.Kf3 Bd2 51.Bf4 Bb4 52.Bg3 Bd2 53.Ke2 Bb4 54.Kd3 Be7 55.Kc4 Bf8 56.Bb8 Ba3
57.d5+ exd5+ 58.exd5+ Kd7 59.Kd4 Bb4 60.Bg3 Ba3 61.Ke4 Bb4 62.Kf3 Bc5 63.Be5 Bb4
64.Kg4 Bd6 65.Bf4 Ke7 66.Kf3 Bb4 67.Be5 Kd7 68.Bg3 Ba3 69.Ke4 Bb4 70.Kd4 Ba3
71.Be1 Bd6 72.Bf2 Bb8 73.Kc4 Bd6 74.Be1 Kc7 75.Kd4 Kd7 76.Ke4 Bc7 77.Bf2 Bd6
78.Be1 Bc7 79.Kf3 Be5 80.Bb4 Bc7 81.Kg4 Bd6 82.Bc3 Bh2 83.Kh3 Bc7 84.Bb4 Bd6
85.Bd2 Be5 86.Bb4 Bd6 87.Bc3 Bc7 88.Be1 Be5 89.Bb4  1/2-1/2

[Event "I Open"]
[Site "Vitoria BRA"]
[Date "2006.09.07"]
[Round "2"]
[White "Vescovi,G"]
[Black "Barreto,C"]
[Result "1/2-1/2"]
[WhiteElo "2619"]
[BlackElo "2202"]

1.e4 c5 2.Nf3 Nc6 3.Bb5 g6 4.Bxc6 dxc6 5.d3 Bg7 6.h3 Nf6 7.Nc3 O-O 8.Bg5 Qc7
9.Qd2 e5 10.O-O Nh5 11.Ne2 b6 12.Bh6 f6 13.Bxg7 Kxg7 14.a3 a5 15.b4 axb4
16.axb4 Rxa1 17.Rxa1 cxb4 18.Qxb4 Be6 19.Ra6 Rb8 20.Qa3 Rb7 21.Ra8 Qe7 22.Qxe7+ Rxe7
23.Rb8 b5 24.g4 Nf4 25.Nxf4 exf4 26.Nd4 Bd7 27.Kg2 Kf7 28.Kf3 Re5 29.Kxf4 Rc5
30.Rh8 h5 31.gxh5 gxh5 32.h4 Rc3 33.Rh7+ Ke8 34.Rxh5 c5 35.Nb3 f5 36.Na1 c4
37.dxc4 bxc4 38.Rg5 fxe4 39.Re5+ Kf7 40.Rxe4 Ra3 41.Re1 Bc6 42.Ke5 Rh3 43.f4 Rxh4
44.c3 Rh2 45.Kd6 Ba4 46.Kc5 Rf2 47.Kb4 Bc6 48.Kxc4 Rxf4+ 49.Kc5 Ba4 50.c4 Bd7
51.Nb3 Be6 52.Nd4 Bxc4 53.Kxc4 Rh4 54.Kd5 Rh5+ 55.Kd6 Ra5 56.Rf1+ Kg6 57.Nc6 Ra6
58.Kd5 Ra2 59.Ke6 Ra6 60.Rg1+ Kh6 61.Kd5 Ra2 62.Ne5 Rd2+ 63.Ke6 Re2 64.Kf5 Rf2+
65.Ke4 Re2+ 66.Kf4 Rf2+  1/2-1/2

[Event "ch-U20 Panamerican"]
[Site "Bogota COL"]
[Date "2006.09.08"]
[Round "9"]
[White "Barrientos,S"]
[Black "Gallego,A"]
[Result "1-0"]
[WhiteElo "2435"]
[BlackElo "2184"]

1.e4 c5 2.Nf3 Nc6 3.Bb5 d6 4.O-O Bd7 5.Re1 Nf6 6.c3 a6 7.Bxc6 Bxc6 8.d4 Bxe4
9.Bg5 Bxb1 10.Rxb1 e6 11.d5 e5 12.b4 cxb4 13.Rxb4 Qd7 14.Bxf6 gxf6 15.Qb1 b5
16.a4 Bg7 17.Nd4 Rc8 18.Nf5 Bf8 19.axb5 axb5 20.Rxb5 Rg8 21.Rb7 Rc7 22.Rb8+ Rc8
23.Rxc8+ Qxc8 24.Qb5+ Qd7 25.Qb8+ Qd8 26.Rb1 Rg5 27.Ne3 f5 28.Qa7 f4 29.Nf1  1-0

[Event "ch-EU"]
[Site "Liverpool ENG"]
[Date "2006.09.08"]
[Round "3"]
[White "Lauterbach,I"]
[Black "Van der Weide,K"]
[Result "1/2-1/2"]
[WhiteElo "2120"]
[BlackElo "2446"]

1.e4 c5 2.Nf3 Nc6 3.Bb5 g6 4.O-O Bg7 5.Re1 e5 6.Bxc6 dxc6 7.d3 Qe7 8.Nbd2 Nh6
9.a3 O-O 10.b4 Be6 11.bxc5 Qxc5 12.a4 Qe7 13.Nf1 Qc7 14.Ba3 Rfe8 15.Ne3 Rad8
16.Qb1 f6 17.a5 b6 18.axb6 axb6 19.Nd2 f5 20.exf5 gxf5 21.Bb2 Nf7 22.Nef1 c5
23.Bc3 c4 24.dxc4 Bxc4 25.Nxc4 Qxc4 26.Ra3 Rd6 27.Ne3 Qc8 28.Bb4 Rg6 29.Nd5 f4
30.f3 Bf6 31.Nxf6+ Rxf6 32.Qa2 Qe6 33.Ra1 Qxa2 34.R1xa2 Rc6 35.Ra8 Rxa8 36.Rxa8+ Kg7
37.c3 Nd6 38.Ra7+ Kg6 39.Re7 Nc4 40.Kf2 Rc8 41.Re6+ Kf7 42.Re7+ Kg6 43.Re6+ Kf7
44.Re7+ Kg6  1/2-1/2

[Event "I Open"]
[Site "Vitoria BRA"]
[Date "2006.09.08"]
[Round "4"]
[White "Souza,L"]
[Black "Bil,A"]
[Result "1-0"]
[WhiteElo "2318"]
[BlackElo "2178"]

1.e4 c5 2.Nf3 Nc6 3.Bb5 g6 4.O-O Bg7 5.Nc3 e5 6.d3 Nge7 7.Bg5 a6 8.Bxc6 dxc6
9.Na4 b6 10.Qc1 h6 11.Be3 Rb8 12.Kh1 Be6 13.Ng1 g5 14.Rd1 Ng6 15.c3 O-O 16.Rd2 Qe7
17.Ne2 Nf4 18.Ng3 Rfd8 19.Qc2 Qd7 20.Rad1 h5 21.d4 cxd4 22.cxd4 exd4 23.Bxd4 Bxd4
24.Rxd4 Qxd4 25.Rxd4 Rxd4 26.h3 c5 27.Kh2 b5 28.Qxc5 Rxa4 29.Qxg5+ Ng6 30.Nxh5 Kf8
31.f4 Rxe4 32.f5 Bxf5 33.Qxf5 Re5 34.Qf6 Rbe8 35.Nf4 Nxf4 36.Qh8+ Ke7 37.Qxe5+ Ne6
38.Qd5 Nc7 39.Qc6 Kd8 40.h4 Re6 41.Qc5 Ne8 42.Qf8 Rf6 43.h5 Kd7 44.h6  1-0

[Event "ch-EU"]
[Site "Liverpool ENG"]
[Date "2006.09.09"]
[Round "4"]
[White "Quillan,G"]
[Black "Conquest,S"]
[Result "1/2-1/2"]
[WhiteElo "2344"]
[BlackElo "2534"]

1.e4 c5 2.Nf3 Nc6 3.Bb5 Nf6 4.Nc3 g6 5.e5 Ng4 6.Bxc6 dxc6 7.d3 Nh6 8.Bg5 Bg4
9.h3 Bxf3 10.Qxf3 Nf5 11.O-O-O Bg7 12.Rde1 Qc7 13.Bf4 Nd4 14.Qe3 Qa5 15.Kb1 O-O-O
16.Bh2 Ne6 17.Rhf1 h5 18.f4 Nd4 19.Ne4 Bh6 20.g4 hxg4 21.hxg4 b6 22.Bg3 Kb7
23.Qf2 Qa6 24.f5 gxf5 25.gxf5 c4 26.dxc4 Qxc4 27.f6 Bf8 28.b3 Qd5 29.fxe7 Bxe7
30.Qxf7 Rd7 31.Nd6+ Ka6 32.Qxd5 cxd5 33.Rf7 Rc7 34.Nf5 Nxf5 35.Rxf5 Rh3 36.Bf2 Bb4
37.Rd1 Bc3 38.e6 Re7 39.Rfxd5 Rxe6 40.R5d3 Rxd3 41.Rxd3 Rf6 42.Rxc3 Rxf2
43.Rc7 b5 44.Kb2 Kb6 45.Rg7  1/2-1/2

[Event "ch-EU"]
[Site "Liverpool ENG"]
[Date "2006.09.09"]
[Round "4"]
[White "Sulskis,S"]
[Black "White,Mi"]
[Result "1-0"]
[WhiteElo "2514"]
[BlackElo "2239"]

1.e4 c5 2.Nf3 Nc6 3.Bb5 Nf6 4.e5 Nd5 5.Nc3 e6 6.Bxc6 bxc6 7.Ne4 Ba6 8.d3 f5
9.Nd6+ Bxd6 10.exd6 c4 11.dxc4 Bxc4 12.Qd4 Qa5+ 13.Bd2 Qa6 14.Ne5 Be2 15.c4 Bh5
16.g4 fxg4 17.cxd5 exd5 18.Nxc6 O-O 19.Qxd5+ Kh8 20.Qxh5 Rxf2 21.Qxg4 Raf8
22.O-O-O Qxa2 23.Rhg1 R8f7 24.Nd8  1-0

[Event "EU-chB18"]
[Site "Herceg Novi MNE"]
[Date "2006.09.10"]
[Round "1"]
[White "Lanin,A"]
[Black "Rees,I"]
[Result "1/2-1/2"]
[WhiteElo "2475"]
[BlackElo "2241"]

1.e4 c5 2.Nf3 Nc6 3.Bb5 e6 4.Bxc6 bxc6 5.b3 Ne7 6.O-O Ng6 7.Bb2 f6 8.Re1 Be7
9.d4 cxd4 10.Nxd4 O-O 11.c4 e5 12.Nf5 d5 13.Nxe7+ Nxe7 14.exd5 cxd5 15.Ba3 Rf7
16.Nc3 Bb7 17.Bxe7 Rxe7 18.Nxd5 Rd7 19.Qf3 Bxd5 20.cxd5 Rxd5 21.Rad1 e4 22.Rxd5 exf3
23.Rxd8+ Rxd8 24.gxf3 Rd2 25.a4 Rb2 26.Re8+ Kf7 27.Rb8 a5 28.Rb7+ Kg6 29.Kg2 h5
30.Kg3 Kh6 31.Rb6 Kg6 32.h3 Kf7 33.Rb5 g5 34.f4 gxf4+ 35.Kf3 Kg6 36.h4 Rc2
37.Ke4 Rxf2 38.Rxa5 f5+ 39.Ke5 f3 40.Ra6+ Kg7 41.Kf4 Rb2 42.Kxf3 Rxb3+ 43.Kf4 Rb4+
44.Kf3 Rxh4 45.Kg3 Rh1 46.Ra8 h4+  1/2-1/2

[Event "EU-chG18"]
[Site "Herceg Novi MNE"]
[Date "2006.09.10"]
[Round "1"]
[White "Benmesbah,N"]
[Black "Yelmarova,N"]
[Result "1-0"]
[WhiteElo "2125"]
[BlackElo "1789"]

1.e4 c5 2.Nf3 Nc6 3.Bb5 a6 4.Bxc6 bxc6 5.O-O d5 6.d3 Bg4 7.Qe2 Qc7 8.Nc3 d4
9.Na4 e5 10.b3 Nf6 11.Ba3 Nd7 12.Rac1 Nb6 13.Nxb6 Qxb6 14.Bb2 h5 15.h3 Qd8
16.c3 Rh6 17.b4 Rb8 18.Rc2 c4 19.cxd4 exd4 20.Bc1 Bxf3 21.Qxf3 cxd3 22.Qxd3 Rg6
23.a3 Qd7 24.e5 Qd5 25.f4 h4 26.Qf3 Qb5 27.f5 Rg3 28.Qe4 Rc3 29.Rxc3 dxc3
30.Qxh4 Rd8 31.e6 Rd3 32.Qh5 Qb7 33.exf7+ Kd8 34.Bg5+ Kc7 35.Qe2 Qb6+ 36.Kh1 Qd4
37.Bf4+ Kb6 38.Qe8 Kb5 39.Qb8+ Ka4 40.Qxf8 c2 41.Qc8 Qxf4 42.Qxc6+  1-0

[Event "EU-chG18"]
[Site "Herceg Novi MNE"]
[Date "2006.09.10"]
[Round "1"]
[White "Choisy,M"]
[Black "Yilmaz,Ez"]
[Result "1-0"]
[WhiteElo "2145"]
[BlackElo "1877"]

1.e4 c5 2.Nf3 Nc6 3.Bb5 Nf6 4.Nc3 a6 5.Bxc6 dxc6 6.d3 g6 7.h3 Bg7 8.Be3 Nd7
9.Qd2 b5 10.Bh6 Bf6 11.O-O e5 12.Nd1 Nf8 13.Ne3 g5 14.Bxf8 Kxf8 15.Nf5 Bxf5
16.exf5 h5 17.Qe3 Qe7 18.Rae1 Re8 19.Nd2 g4 20.Ne4 gxh3 21.Qxh3 Bg5 22.f6 Bxf6
23.Qf5 Rh6 24.f4 exf4 25.Nxf6 Qxf6 26.Qxc5+ Re7 27.Re4 Qd6 28.Qf5 Rxe4 29.Qxe4 h4
30.Qxf4 Qg6 31.Qb8+ Kg7 32.Qe5+ Kh7 33.Rf5 f6 34.Qc7+ Kh8 35.Rf3 Qg7 36.Qxc6  1-0

[Event "ch-EU"]
[Site "Liverpool ENG"]
[Date "2006.09.10"]
[Round "5"]
[White "Short,N"]
[Black "Gormally,D"]
[Result "1-0"]
[WhiteElo "2676"]
[BlackElo "2513"]

1.e4 c5 2.Nf3 Nc6 3.Bb5 d6 4.c3 Nf6 5.Qe2 Bd7 6.d4 cxd4 7.cxd4 a6 8.Bxc6 Bxc6
9.Nc3 g6 10.d5 Bd7 11.e5 dxe5 12.Nxe5 Bg7 13.O-O O-O 14.Re1 Bf5 15.Qf3 Rc8
16.g4 Bd7 17.Bf4 Ne8 18.Rad1 Nd6 19.h3 Bb5 20.Qe3 Re8 21.b3 Qa5 22.Rc1 Red8
23.Nxb5 Qxb5 24.Qf3 Rxc1 25.Rxc1 Ne8 26.Nxf7 Qxd5 27.Ng5 Qxf3 28.Nxf3 Nf6
29.Kg2 Nd5 30.Bd2 h6 31.Rc2 Kf7 32.Ng1 h5 33.Nf3 Bf6 34.Ng5+ Bxg5 35.Bxg5 hxg4
36.hxg4 Rd7 37.Rc4 Nc7 38.Kf3 Ne6 39.Be3 Rd5 40.Ke4 Rb5 41.f4 a5 42.Bd2 Nd8
43.Rd4 Nc6 44.Rd5 Rb6 45.Bc3 Ra6 46.Rb5 b6 47.Bd4 Nxd4 48.Kxd4 a4 49.b4 Ra8
50.Rxb6 Rd8+ 51.Kc3 Rc8+ 52.Kd3 Rd8+ 53.Kc3 Rc8+ 54.Kb2 Rc4 55.Ka3 Rxf4 56.b5 Rxg4
57.Rc6 Rg1 58.b6 Rb1 59.Kxa4 Rb2 60.a3 g5 61.Ka5 g4 62.Rc3 Ke6 63.Ka6 Kf5
64.b7 e5 65.Ka7  1-0

[Event "FSIMA September"]
[Site "Budapest HUN"]
[Date "2006.09.11"]
[Round "10"]
[White "Werner,Di"]
[Black "Keschitz,G"]
[Result "0-1"]
[WhiteElo "2315"]
[BlackElo "2279"]

1.e4 c5 2.Nf3 Nc6 3.Bb5 g6 4.O-O Bg7 5.Re1 Nf6 6.c3 O-O 7.h3 a6 8.Bxc6 dxc6
9.d4 cxd4 10.cxd4 c5 11.Nc3 cxd4 12.Nxd4 Ng4 13.Nf3 Bxc3 14.Qxd8 Rxd8 15.bxc3 Nf6
16.Ba3 Kf8 17.c4 Rd3 18.Bb2 Be6 19.e5 Nd7 20.Rac1 Nc5 21.Bd4 Rc8 22.Re3 Rxe3
23.Bxe3 Nd3 24.Rb1 Rc7 25.Nd2 Nxe5 26.Bf4 f6 27.a3 Rd7 28.c5 Nd3 29.c6 bxc6
30.Be3 Ne5 31.Ne4 Bf5 32.Rb8+ Kf7 33.Nc5 Rd1+ 34.Kh2 Nc4 35.Bh6 g5 36.g4 Bc2
37.h4 gxh4 38.Kh3 a5 39.g5 fxg5 40.a4 Bf5+ 41.Kh2 Rd5 42.Nb3 Kg6 43.Bf8 Rd1
44.Nc5 e6 45.Be7 h6 46.Rf8 Ne5 47.Kg2 h3+ 48.Kg3 Rg1+  0-1

[Event "EU-chB18"]
[Site "Herceg Novi MNE"]
[Date "2006.09.11"]
[Round "2"]
[White "Andriasian,Z"]
[Black "Dourerassou,J"]
[Result "1-0"]
[WhiteElo "2463"]
[BlackElo "2336"]

1.e4 c5 2.Nf3 Nc6 3.Bb5 d6 4.O-O Bd7 5.Re1 Nf6 6.c3 a6 7.Bf1 Bg4 8.h3 Bh5
9.d3 e6 10.Be3 Be7 11.Nbd2 d5 12.Bf4 Rc8 13.Qe2 d4 14.Bh2 O-O 15.e5 Nd7 16.c4 b5
17.b3 Rb8 18.Rec1 b4 19.g4 Bg6 20.Bg2 Qc7 21.Re1 a5 22.Bg3 a4 23.Nf1 Ra8
24.Rab1 axb3 25.axb3 Ra3 26.N3d2 h6 27.f4 Bh7 28.Nf3 Rfa8 29.f5 Ra2 30.Qe4 R8a3
31.N1d2 Rc2 32.Re2 Na5 33.Kh2 Nf8 34.Rf2 Qc8 35.Ne1 Rc3 36.Rb2 Ra1 37.Rf1 Bg5
38.Qf3 Be3 39.Ne4 exf5 40.gxf5 Rxb3 41.Nd6 Qd7 42.Re2 Rba3 43.Qg4 R3a2 44.Bd5 Rxe2+
45.Qxe2 b3 46.e6 Qe7 47.f6 gxf6 48.Qg4+ Bg5 49.Nc8 Qd8 50.e7 Qe8 51.Rxf6 Bg6
52.Rb6 Kh7 53.exf8=N+ Qxf8 54.h4 f5 55.Qf3 f4 56.hxg5 fxg3+ 57.Qxg3 Qxc8
58.Rxg6 Kxg6 59.Qd6+ Kxg5 60.Nf3+ Kh5 61.Bf7+ Kg4 62.Qg3+ Kf5 63.Qe5+  1-0

[Event "EU-chB18"]
[Site "Herceg Novi MNE"]
[Date "2006.09.11"]
[Round "2"]
[White "Lovkov,R"]
[Black "Papadopoulos,I"]
[Result "1/2-1/2"]
[WhiteElo "2384"]
[BlackElo "2285"]

1.e4 c5 2.Nf3 Nc6 3.Bb5 g6 4.O-O Bg7 5.Re1 e5 6.Bxc6 dxc6 7.b3 Bg4 8.h3 Bxf3
9.Qxf3 Nf6 10.Bb2 Nd7 11.d3 O-O 12.Nd2 f5 13.Qe2 f4 14.c3 Rf7 15.Nf3 Nf8
16.d4 cxd4 17.cxd4 exd4 18.Qc4 Qe7 19.Bxd4 Ne6 20.Bxg7 Kxg7 21.Rad1 Rff8
22.Ne5 Rad8 23.Ng4 h5 24.Qc3+ Kh7 25.Rxd8 Qxd8 26.Ne5 Qf6 27.Qa5 Rd8 28.Nf3 a6
29.Qb4 Rd7 30.h4 Kg7 31.Kf1 c5 32.Qb6 Nd4 33.Qxf6+ Kxf6 34.Rd1 Ke6 35.Nxd4+ cxd4
36.Ke2 Ke5 37.f3 Rc7 38.Kd2 b5 39.Rc1 Rxc1 40.Kxc1 d3 41.Kd1 Kd4 42.Kd2 a5
43.Kd1 a4 44.bxa4 bxa4 45.Kd2 a3 46.e5 Kxe5 47.Kxd3 g5 48.hxg5 Kf5 49.Kd4 Kxg5
50.Ke4 Kh4 51.Kxf4  1/2-1/2

[Event "5th Open"]
[Site "Izmir TUR"]
[Date "2006.09.11"]
[Round "2"]
[White "Husnullin,R"]
[Black "Mamedov,Rau"]
[Result "0-1"]
[WhiteElo "2223"]
[BlackElo "2561"]

1.e4 c5 2.Nf3 Nc6 3.Bb5 g6 4.Bxc6 dxc6 5.d3 Bg7 6.h3 b6 7.Nc3 e5 8.Be3 Ne7
9.Qd2 h6 10.O-O-O f5 11.g3 g5 12.exf5 Nxf5 13.Rde1 O-O 14.Ne4 Qd5 15.Kb1 c4
16.h4 cxd3 17.cxd3 Ba6 18.Rd1 Rad8 19.Ne1 g4 20.h5 c5 21.b3 Nd6 22.Nc2 Nf5
23.Ne1 c4 24.bxc4 Bxc4 25.Rh2 Qb5+ 26.Ka1 Qa4 27.Nc3 e4 28.d4 Qa5 29.Nxe4 Rxd4
30.Bxd4 Bxd4+ 31.Kb1 Qb5+ 32.Kc1 Rc8 33.Nd6 Bd3+  0-1

[Event "ch-EU"]
[Site "Liverpool ENG"]
[Date "2006.09.11"]
[Round "6"]
[White "Sulskis,S"]
[Black "Medvegy,Z"]
[Result "1-0"]
[WhiteElo "2514"]
[BlackElo "2518"]

1.e4 c5 2.Nf3 Nc6 3.Bb5 g6 4.Bxc6 dxc6 5.d3 Bg7 6.h3 Nf6 7.e5 Nd5 8.O-O O-O
9.Re1 Nc7 10.Nbd2 Be6 11.Ne4 b6 12.Bf4 c4 13.dxc4 Bxc4 14.Qc1 Ne6 15.Bh6 Nd4
16.Nxd4 Qxd4 17.Bxg7 Kxg7 18.Qg5 f6 19.exf6+ exf6 20.Qg3 Rad8 21.Nc3 Qd6
22.Qh4 Bg8 23.Qe4 f5 24.Qa4 a5 25.Rad1 Qf6 26.Qf4 Bf7 27.Qc7 c5 28.Na4 Rfe8
29.b3 Rxe1+ 30.Rxe1 Rd2 31.Nxb6 Rxc2 32.Nd7 Qd4 33.Re3 f4 34.Ne5 Qd5 35.Rd3 Qe6
36.Rd7  1-0

[Event "3rd Szeged Cup"]
[Site "Szeged HUN"]
[Date "2006.09.12"]
[Round "4"]
[White "Kozma,E"]
[Black "Harsanyi,K"]
[Result "1-0"]
[WhiteElo "2086"]
[BlackElo "2087"]

1.e4 c5 2.Nf3 Nc6 3.Bb5 g6 4.c3 d5 5.Qa4 Qd6 6.exd5 Qxd5 7.Bxc6+ bxc6 8.O-O Bf5
9.Re1 Bg7 10.Na3 Bd3 11.Re3 Kf8 12.Ne1 Bf5 13.Nc4 Rc8 14.Nf3 f6 15.b3 Bh6
16.Re1 Rc7 17.d4 Bxc1 18.Raxc1 cxd4 19.Nxd4 Bd7 20.Ne3 Qg5 21.Nf3 Qb5 22.Qf4 e5
23.Qh4 Kg7 24.Nc4 Bc8 25.Nd6 Qa5 26.Ne8+ Kf7 27.Nxc7 Qxc7 28.Nd2 f5 29.Nf3 e4
30.Nd4 Nf6 31.Qg3 f4 32.Qg5 c5 33.Ne2 f3 34.Nf4 Bf5 35.Qxf6+  1-0

[Event "5th Open"]
[Site "Izmir TUR"]
[Date "2006.09.13"]
[Round "4"]
[White "Gvetadze,Sopi"]
[Black "Gurbanzade,E"]
[Result "1-0"]
[WhiteElo "2391"]
[BlackElo "2150"]

1.e4 c5 2.Nf3 Nc6 3.Bb5 g6 4.O-O Bg7 5.Re1 Nf6 6.h3 O-O 7.c3 d6 8.d4 cxd4
9.cxd4 Nd7 10.Nc3 a6 11.Bf1 b5 12.Bg5 h6 13.Bh4 Nb6 14.Rc1 Bd7 15.e5 dxe5
16.d5 Na5 17.Nxe5 g5 18.Bg3 Be8 19.b4 Nb7 20.Nc6 Bxc6 21.dxc6 Nd6 22.Nd5 Nxd5
23.Qxd5 Qc7 24.a4 bxa4 25.Rxe7 Qxe7 26.Bxd6 Qd8 27.c7 Qd7 28.b5 a3 29.b6 a2
30.b7 Rab8 31.Bxf8 Qxc7 32.Rxc7  1-0

[Event "EU-chB18"]
[Site "Herceg Novi MNE"]
[Date "2006.09.14"]
[Round "5"]
[White "Stokes,I"]
[Black "Genzling,A"]
[Result "1/2-1/2"]
[WhiteElo "2017"]
[BlackElo "2215"]

1.e4 c5 2.Nf3 Nc6 3.Bb5 d6 4.O-O Bd7 5.Re1 a6 6.Bxc6 Bxc6 7.d4 cxd4 8.Nxd4 Nf6
9.Nxc6 bxc6 10.c4 e5 11.Nc3 Be7 12.Bg5 O-O 13.Qd3 Qc7 14.Bxf6 Bxf6 15.b4 Rac8
16.Rac1 Rfd8 17.a4 Qb6 18.Rb1 Qd4 19.Red1 a5 20.bxa5 Qa7 21.Rb3  1/2-1/2

[Event "ch-EU"]
[Site "Liverpool ENG"]
[Date "2006.09.15"]
[Round "10"]
[White "Quillan,G"]
[Black "White,Mi"]
[Result "1/2-1/2"]
[WhiteElo "2344"]
[BlackElo "2239"]

1.e4 c5 2.Nf3 Nc6 3.Bb5 Nf6 4.Bxc6 dxc6 5.d3 Qc7 6.e5 Nd5 7.h3 Bf5 8.Qe2 h6
9.a3 O-O-O 10.Nc3 g5 11.Ne4 Bg7 12.Nxc5 Qa5+ 13.b4 Nxb4 14.O-O Nd5 15.Nb3 Qc7
16.d4 e6 17.c4 Nc3 18.Qe3 Ne4 19.Nfd2 Nxd2 20.Bxd2 h5 21.Ba5 b6 22.Bb4 c5
23.Bc3 Bc2 24.Nd2 cxd4 25.Bxd4 Rxd4 26.Qxd4 Bxe5 27.Qe3 Bxa1 28.Rxa1 Qf4
29.Qc3 Rd8 30.Nf3 g4 31.c5 b5 32.hxg4 hxg4 33.Ne5 Rd2 34.Nxg4 f5 35.g3 Qd4
36.Qxd4 Rxd4 37.Rc1 Rxg4 38.Rxc2 Kd7 39.c6+ Kc7 40.Re2 Kd6 41.c7 Rc4 42.a4 b4  1/2-1/2

[Event "5th Open"]
[Site "Izmir TUR"]
[Date "2006.09.16"]
[Round "7"]
[White "Umudova,N"]
[Black "Tsereteli,T"]
[Result "0-1"]
[WhiteElo "2202"]
[BlackElo "2331"]

1.e4 c5 2.Nf3 Nc6 3.Bb5 g6 4.Bxc6 dxc6 5.d3 Bg7 6.h3 Nf6 7.Nc3 Nd7 8.Be3 e5
9.Qd2 Qe7 10.Bh6 Bxh6 11.Qxh6 f6 12.Qe3 Nf8 13.Ne2 Ne6 14.c3 Bd7 15.Nd2 g5
16.g3 O-O-O 17.O-O-O Be8 18.f4 gxf4 19.gxf4 Bh5 20.Nf3 Rhg8 21.h4 exf4 22.Nxf4 Nxf4
23.Qxf4 Qe6 24.Kb1 Qg4 25.Qxg4+ Rxg4 26.Rd2 Rf4 27.Ne1 Rxe4 28.Rf2 Re6 29.Ng2 Be2
30.Nf4 Bxd3+ 31.Kc1 Red6 32.Nxd3 Rxd3 33.Rxf6 R3d6 34.Rf5 Rd5 35.Rf6 c4 36.h5 R5d6
37.Rf4 b5 38.h6 Rg6 39.a4 Kc7 40.Rf5 Rd5 41.Rf4 Rdd6 42.Rf7+ Rd7 43.Rf5 Kb6
44.axb5 cxb5 45.Kb1 Ka5 46.Rhh5 a6 47.Rf1 Rg2 48.Ka1 Ka4 49.Ka2 Rdd2 50.Rb1 Rh2
51.Rxh2 Rxh2 52.Rf1 Rxh6 53.Rf8 Rh2 54.Ra8 a5 55.Rc8 h5 56.Rc5 h4 57.Kb1 b4
58.cxb4 Kb3 59.Kc1 axb4 60.Rb5 Rc2+  0-1

[Event "TCh-ESP Honor Gp2"]
[Site "San Sebastian ESP"]
[Date "2006.09.16"]
[Round "4"]
[White "Shirov,A"]
[Black "Valmana Canto,J"]
[Result "1-0"]
[WhiteElo "2716"]
[BlackElo "2284"]

1.e4 c5 2.Nf3 Nc6 3.Bb5 e6 4.Bxc6 bxc6 5.b3 f6 6.Bb2 Ne7 7.Nh4 e5 8.f4 d6
9.fxe5 fxe5 10.O-O Be6 11.c3 c4 12.d4 cxd3 13.Qxd3 Ng6 14.Nxg6 hxg6 15.Nd2 Be7
16.Nc4 d5 17.Qg3 dxc4 18.Qxg6+ Kd7 19.Rad1+ Bd5 20.exd5 Bc5+ 21.Rd4 cxd5
22.Rf7+ Qe7 23.Rxe7+ Kxe7 24.Qxg7+ Ke6 25.Qg6+ Ke7 26.Qg5+ Ke6 27.bxc4  1-0

[Event "ProMoPro Open"]
[Site "Prague CZE"]
[Date "2006.09.17"]
[Round "9"]
[White "Szirmai,Em"]
[Black "Vokoun,J"]
[Result "0-1"]
[WhiteElo "2074"]
[BlackElo "2217"]

1.e4 c5 2.Nf3 Nc6 3.Bb5 Qb6 4.Nc3 e6 5.O-O Nge7 6.Re1 a6 7.Bf1 d6 8.b3 Nd4
9.Na4 Qc7 10.c3 Nxf3+ 11.Qxf3 Nc6 12.Qe3 e5 13.Nb2 g6 14.Nd1 Bg7 15.Qg3 b5
16.Ne3 Be6 17.Bb2 O-O 18.Rad1 f5 19.exf5 gxf5 20.f4 Rf6 21.c4 Nd4 22.Rc1 Rg6
23.Qf2 Qb7 24.Bxd4 cxd4 25.Nd1 e4 26.Be2 d3 27.Bf1 bxc4 28.bxc4 Rc8 29.c5 Qb4
30.Ne3 dxc5 31.Rb1 Qa5 32.Rb7 Qd8 33.Kh1 Bd4 34.g4 Rxg4 35.Bh3 Rg6 36.Rg1 Rc7
37.Rb6 Rcg7 38.Rxg6 Rxg6 39.Rxe6 Rxe6 40.Bxf5 Re7 41.Bxe4 Kh8 42.Qh4 Qd7
43.Bf3 Bxe3 44.Qf6+ Rg7 45.dxe3 d2 46.Qa1 Qd3  0-1

[Event "EU-chG18"]
[Site "Herceg Novi MNE"]
[Date "2006.09.18"]
[Round "8"]
[White "Pascual Palomo,L"]
[Black "Ivakhinova,I"]
[Result "0-1"]
[WhiteElo "2067"]
[BlackElo "2244"]

1.e4 c5 2.Nf3 Nc6 3.Bb5 g6 4.O-O Bg7 5.Re1 e5 6.c3 Nge7 7.d4 exd4 8.Bf4 Qb6
9.Qe2 O-O 10.cxd4 Nxd4 11.Nxd4 Bxd4 12.Nc3 d6 13.e5 dxe5 14.Bxe5 Qe6 15.Bxd4 cxd4
16.Qd3 Qb6 17.Rxe7 dxc3 18.bxc3 Be6 19.Ba4 Rfd8 20.Qc2 Kf8 21.Rb1 Bf5 22.Re4 Bxe4
23.Qxe4 Qd6 24.g3 b6 25.Bb3 Rac8 26.Rd1 Qe7 27.Rxd8+ Rxd8 28.Qf3 f5 29.Bd5 Qd6
30.c4 Re8 31.Qc3 Qe5 32.Qa3+ Re7 33.Qa6 Kg7 34.Qc8 Re8 35.Qb7+ Qe7 36.Qa6 Kh6
37.Kg2 Rd8 38.Qa4 Re8 39.h4 Kg7 40.Qc6 Rf8 41.Bf3 f4 42.Qa4 fxg3 43.fxg3 h6
44.h5 gxh5 45.Qb5 h4 46.gxh4 Qxh4 47.Qd7+ Rf7 48.Qd3 Qg5+ 49.Kf2 Qf6 50.a4 Qxf3+
51.Qxf3 Rxf3+ 52.Kxf3 Kf6 53.Ke4 Ke6  0-1